アメダス観測点の読み方(北海道北) - Statistics

General Stats
  • This quiz has been taken 76 times
  • The average score is 42 of 50
Answer Stats
観測点 読み方 振興局 % Correct
富良野 ふらの 上川
100%
天塩 てしお 留萌
100%
美唄 びばい 空知
100%
網走 あばしり オホーツク
98%
美瑛 びえい 上川
98%
名寄 なよろ 上川
98%
斜里 しゃり オホーツク
97%
遠軽 えんがる オホーツク
97%
和寒 わっさむ 上川
97%
音威子府 おといねっぷ 上川
97%
礼文 れぶん 宗谷
97%
稚内 わっかない 宗谷
97%
中頓別 なかとんべつ 宗谷
97%
倶知安 くっちゃん 後志
97%
留萌 るもい 留萌
95%
占冠 しむかっぷ 上川
94%
宇登呂 うとろ オホーツク
92%
女満別 めまんべつ オホーツク
91%
秩父別 ちっぷべつ 空知
91%
恵庭島松 えにわしままつ 石狩
89%
留辺蘂 るべしべ オホーツク
88%
興部 おこっぺ オホーツク
88%
喜茂別 きもべつ 後志
88%
手稲山 ていねやま 石狩
88%
常呂 ところ オホーツク
86%
層雲峡 そううんきょう 上川
86%
支笏湖畔 しこつこはん 石狩
86%
比布 ぴっぷ 上川
84%
北見枝幸 きたみえさし 宗谷
84%
寿都 すっつ 後志
84%
初山別 しょさんべつ 留萌
84%
達布 たっぷ 留萌
84%
幾寅 いくとら 上川
83%
雄武 おうむ オホーツク
78%
神恵内 かもえない 後志
78%
真狩 まっかり 後志
78%
仁頃山 にころやま オホーツク
77%
丸瀬布 まるせっぷ オホーツク
77%
歌登 うたのぼり 宗谷
77%
東藻琴 ひがしもこと オホーツク
72%
浜鬼志別 はまおにしべつ 宗谷
72%
朱鞠内 しゅまりない 上川
70%
声問 こえとい 宗谷
69%
沓形 くつがた 宗谷
69%
麓郷 ろくごう 上川
66%
志比内 しびない 上川
61%
本泊 もとどまり 宗谷
61%
置戸常元 おけとつねもと オホーツク
55%
小車 おぐるま 上川
55%
焼尻 やぎしり 留萌
47%
No matching quizzes found
Score Distribution
Percent of People with Each Score
Percentile by Number Answered
Your Score History
You have not taken this quiz